Roman and greek famous lines - Statistics

Statistiche generali
  • Questo quiz è stato fatto 6 volte
  • Il punteggio medio è 5 su 15
Statistiche sulle risposte
Line Risposta % Corretto
The die is cast Caesar
83%
When, O Catiline, do you mean to cease abusing our patience? Cicero
83%
Sing, o Goddess, Achilles' rage Homer
83%
I know that i know nothing Socrates
67%
I found Rome when it was a city of stone, and left it a city of marble Augustus
50%
Carthage has to be destroyed! Cato
50%
The being is, and cannot not be, the non being isn't, and can't be Parmenides
50%
Know yourself! Delphi
17%
Everything flows, nothing stands still Heraclitus
17%
Come and take them weapons Leonidas
17%
We suffer more often in imagination than in reality Seneca
17%
I am not afraid of an army of lions led by a sheep, I am afraid of an army of sheep led by a lion Alexander the great
0%
Everyone is the craftsman of his fate Appius Claudius
0%
The happiness of your life depends upon the quality of your thoughts Marcus Aurelius
0%
Now is the time to drink Horatius
0%
Nessun quiz corrispondente trovato
Distribuzione punteggi
Percentuale di utenti per punteggio
Percentile per numero di risposta
I tuoi punteggi nel tempo
Non hai fatto questo quiz